[Event "2nd Konex it"]
[Site "Buenos Aires ARG"]
[Date "1979.07.12"]
[Round "1"]
[White "Quinteros, Miguel Angel"]
[Black "Emma, Jaime"]
[Result "0-1"]
[WhiteElo "2545"]
[BlackElo "2435"]
[EventDate "1979.07.12"]
[PlyCount "76"]

1.c4 c5 2.Nf3 Nf6 3.d4 cxd4 4.Nxd4 e5 5.Nb5 d5 6.cxd5 a6 7.N5c3 Bc5 8.b4 
Ba7 9.e3 O-O 10.Be2 Re8 11.Bb2 Bf5 12.Qb3 Nbd7 13.Nd2 Rc8 14.e4 Bg6 15.O-O
Bd4 16.Bf3 h5 17.Rac1 Ng4 18.Bxg4 hxg4 19.Ne2 Rxc1 20.Rxc1 Ba7 21.Ng3 Qf6 
22.Rf1 b5 23.a4 Rc8 24.axb5 axb5 25.Qd3 Qb6 26.Nb3 Rc4 27.Bc3 Qc7 28.Bd2 
Qd6 29.Na5 Rd4 30.Qe2 Nf6 31.Nc6 Nxe4 32.Nxe4 Rxe4 33.Qxb5 Bd4 34.Kh1 Kh7 
35.Nxd4 Rxd4 36.Be3 Bd3 37.Qe8 Bxf1 38.Bxd4 Qxd5 0-1

[Event "2nd Konex it"]
[Site "Buenos Aires ARG"]
[Date "1979.07.12"]
[Round "1"]
[White "Ljubojevic, Ljubomir"]
[Black "Diez del Corral Rivas, Jesus"]
[Result "1-0"]
[WhiteElo "2590"]
[BlackElo "2485"]
[EventDate "1979.07.12"]
[PlyCount "88"]

1.e4 e6 2.d4 d5 3.Nd2 Nf6 4.e5 Nfd7 5.f4 c5 6.c3 Nc6 7.Ndf3 Be7 8.Bd3 a5 
9.Ne2 a4 10.O-O g6 11.Be3 cxd4 12.Nexd4 Nxd4 13.Nxd4 Nc5 14.Be2 Bd7 15.Rc1
Rb8 16.Kh1 b5 17.a3 h5 18.Rf3 Qc7 19.Qf1 Qb7 20.Rh3 Bc6 21.g4 h4 22.g5 Kd7
23.Qe1 Nb3 24.Rd1 Nxd4 25.Bxd4 b4 26.axb4 Bb5 27.Bg4 Qa6 28.Rxh4 Rxh4 29.
Qxh4 Be2 30.Re1 Bxg4 31.Qxg4 Qc4 32.Qd1 Ra8 33.Qe2 Kc6 34.Qxc4+ dxc4 35.
Kg2 a3 36.bxa3 Rxa3 37.Rd1 Ra2+ 38.Kg3 Ra3 39.Kg4 Ra2 40.h4 Rg2+ 41.Kf3 
Ra2 42.Rb1 Kb5 43.h5 gxh5 44.Rh1 Rd2 1-0

[Event "2nd Konex it"]
[Site "Buenos Aires ARG"]
[Date "1979.07.13"]
[Round "2"]
[White "Trois, Francisco"]
[Black "Najdorf, Miguel"]
[Result "1/2-1/2"]
[WhiteElo "2415"]
[BlackElo "2515"]
[EventDate "1979.07.12"]
[PlyCount "95"]

1.d4 Nf6 2.c4 g6 3.Nc3 Bg7 4.e4 d6 5.f3 O-O 6.Be3 a6 7.Qd2 Nc6 8.Nge2 Rb8 
9.Nc1 e5 10.Nb3 exd4 11.Nxd4 Ne5 12.Be2 c5 13.Nc2 Be6 14.Na3 Nc6 15.O-O 
Nd4 16.Bd3 Nd7 17.f4 f5 18.exf5 Bxf5 19.Bxf5 Nxf5 20.Bf2 Qf6 21.Rae1 Kh8 
22.Qd3 Qf7 23.b3 Rbe8 24.Nc2 Nf6 25.Rxe8 Rxe8 26.Re1 Rxe1+ 27.Bxe1 Qe8 28.
Bd2 h5 29.Qe2 Qxe2 30.Nxe2 d5 31.cxd5 Nxd5 32.Kf2 Kg8 33.g3 Kf7 34.h3 Ke6 
35.g4 hxg4 36.hxg4 Nd6 37.Kf3 b5 38.Bc1 b4 39.a3 a5 40.axb4 axb4 41.Bd2 
Ne7 42.f5+ gxf5 43.gxf5+ Nexf5 44.Nxb4 cxb4 45.Bxb4 Kd5 46.Ng3 Nd4+ 47.Kg4
Be5 48.Bxd6 1/2-1/2

[Event "2nd Konex it"]
[Site "Buenos Aires ARG"]
[Date "1979.07.13"]
[Round "2"]
[White "Szmetan, Jorge"]
[Black "Bernat, Miguel"]
[Result "0-1"]
[WhiteElo "2400"]
[BlackElo "2410"]
[EventDate "1979.07.12"]
[PlyCount "70"]

1.g3 Nf6 2.Bg2 d5 3.c4 e6 4.b3 Be7 5.Nf3 O-O 6.O-O c5 7.Bb2 Nc6 8.e3 b6 9.
Qe2 Bb7 10.Rd1 dxc4 11.bxc4 Rc8 12.d3 Nd7 13.Nc3 Na5 14.Nd2 Bxg2 15.Kxg2 
Qc7 16.Nb3 Qb7+ 17.f3 Nc6 18.d4 cxd4 19.exd4 Rfe8 20.a3 Bf8 21.Ne4 Qa6 22.
Rac1 h6 23.Qd3 Rcd8 24.Qc3 f6 25.d5 exd5 26.cxd5 Nce5 27.Qd2 Qb5 28.Qe3 
Nc5 29.Bxe5 Rxe5 30.Nd4 Qa4 31.Qf4 Rde8 32.Ne6 Qxa3 33.Rxc5 bxc5 34.Nxf6+ 
gxf6 35.Qxf6 Qb2+ 0-1

[Event "2nd Konex it"]
[Site "Buenos Aires ARG"]
[Date "1979.07.13"]
[Round "2"]
[White "Browne, Walter Shawn"]
[Black "Quinteros, Miguel Angel"]
[Result "1-0"]
[WhiteElo "2540"]
[BlackElo "2545"]
[EventDate "1979.07.12"]
[PlyCount "121"]

1.d4 Nf6 2.Nf3 c5 3.d5 b5 4.Bg5 Bb7 5.Bxf6 exf6 6.e4 c4 7.a4 a6 8.Be2 Bc5 
9.O-O O-O 10.axb5 axb5 11.Rxa8 Bxa8 12.Nc3 Qb6 13.b3 cxb3 14.cxb3 f5 15.
exf5 b4 16.Na4 Qa5 17.Nxc5 Qxc5 18.Bc4 d6 19.f6 Nd7 20.fxg7 Re8 21.Ng5 Nf6
22.Qa1 Ng4 23.Qb1 Nf6 24.Qa1 Ng4 25.Qa4 Nf6 26.Nh3 Bxd5 27.Bxd5 Qxd5 28.
Qxb4 Re4 29.Qc3 Kxg7 30.f3 Qd4+ 31.Qxd4 Rxd4 32.Nf2 Nd5 33.Rd1 Rxd1+ 34.
Nxd1 Kf6 35.Kf2 Ke5 36.Ne3 Nb4 37.Nc4+ Kd5 38.Ke3 Nc2+ 39.Kd2 Nd4 40.Kc3 
Ne2+ 41.Kd2 Nd4 42.Ne3+ Kc5 43.Kc3 Ne2+ 44.Kd2 Nd4 45.Kc3 Ne2+ 46.Kd3 Nc1+
47.Kc2 Ne2 48.Nf5 d5 49.Kd2 Nf4 50.g3 Ne6 51.Kc3 d4+ 52.Kd3 Kd5 53.b4 Ke5 
54.Ne7 Kd6 55.Nf5+ Ke5 56.Ne7 Kd6 57.Ng8 Ke5 58.f4+ Kd6 59.Nf6 h6 60.Kc4 
Kc6 61.Ng4 1-0

[Event "2nd Konex it"]
[Site "Buenos Aires ARG"]
[Date "1979.07.13"]
[Round "2"]
[White "Emma, Jaime"]
[Black "Liberzon, Vladimir"]
[Result "1/2-1/2"]
[WhiteElo "2435"]
[BlackElo "2515"]
[EventDate "1979.07.12"]
[PlyCount "40"]

1.e4 c5 2.Nf3 e6 3.c3 d5 4.exd5 exd5 5.d4 Nc6 6.Be3 cxd4 7.Bxd4 Nxd4 8.
Qxd4 a6 9.Nbd2 Nf6 10.Bd3 Bd6 11.O-O O-O 12.h3 Bc7 13.Rad1 Qd6 14.Nb3 Be6 
15.Qh4 Rad8 16.Rfe1 Rfe8 17.Re5 h6 18.Rde1 Bd7 19.Rxe8+ Rxe8 20.Rxe8+ Bxe8
1/2-1/2

[Event "2nd Konex it"]
[Site "Buenos Aires ARG"]
[Date "1979.07.13"]
[Round "2"]
[White "Rubinetti, Jorge Alberto"]
[Black "Ljubojevic, Ljubomir"]
[Result "1/2-1/2"]
[WhiteElo "2430"]
[BlackElo "2590"]
[EventDate "1979.07.12"]
[PlyCount "102"]

1.d4 Nf6 2.c4 e6 3.Nc3 Bb4 4.Qc2 c5 5.dxc5 Bxc5 6.Nf3 Nc6 7.Bg5 Nd4 8.Nxd4
Bxd4 9.e3 Be5 10.f4 Bc7 11.O-O-O h6 12.Bxf6 Qxf6 13.Nb5 Qd8 14.Be2 a6 15.
Nd6+ Bxd6 16.Rxd6 Qa5 17.a3 Qc5 18.Qd2 a5 19.Rd1 b5 20.Bf3 Rb8 21.Rc6 Qe7 
22.Qxa5 O-O 23.Rc7 bxc4 24.Qa7 Rb3 25.Rxc4 Qh4 26.Rb4 Rxb4 27.axb4 d5 28.
b5 e5 29.b6 e4 30.b7 Bxb7 31.Qxb7 exf3 32.Qxd5 Qf2 33.Qd2 Rc8+ 34.Kb1 Qxg2
35.Qxg2 fxg2 36.Rg1 Re8 37.Rxg2 Rxe3 38.Rf2 Kf8 39.Ka2 Ke7 40.b4 Kd6 41.f5
Kc6 42.Rg2 Rf3 43.Rxg7 Rxf5 44.Ka3 Kb5 45.Rg3 Rf4 46.Rh3 f5 47.Rxh6 Rf3+ 
48.Kb2 Kxb4 49.Rc6 Rf2+ 50.Kc1 Rxh2 51.Kd1 Ra2 1/2-1/2

[Event "2nd Konex it"]
[Site "Buenos Aires ARG"]
[Date "1979.07.14"]
[Round "3"]
[White "Liberzon, Vladimir"]
[Black "Browne, Walter Shawn"]
[Result "1-0"]
[WhiteElo "2515"]
[BlackElo "2540"]
[EventDate "1979.07.12"]
[PlyCount "61"]

1.e4 c5 2.Nf3 d6 3.d4 cxd4 4.Nxd4 Nf6 5.Nc3 a6 6.Bg5 e6 7.f4 Be7 8.Qf3 Qc7
9.O-O-O Nbd7 10.Qg3 h6 11.Bh4 Rg8 12.Be2 g5 13.fxg5 Ne5 14.Nf3 Nfd7 15.
Rhf1 b5 16.Nxe5 Nxe5 17.Qf2 b4 18.Na4 Bb7 19.gxh6 Bxe4 20.Rd2 Bxh4 21.Qxh4
Bh7 22.Qxb4 Rxg2 23.Nc3 Ke7 24.Qh4+ Kf8 25.Qf6 Rg8 26.Qxe6 Rg6 27.Qd5 Rb8 
28.Ne4 Rxh6 29.Nxd6 Bxc2 30.Nc4 Nxc4 31.Rxc2 1-0

[Event "2nd Konex it"]
[Site "Buenos Aires ARG"]
[Date "1979.07.14"]
[Round "3"]
[White "Quinteros, Miguel Angel"]
[Black "Szmetan, Jorge"]
[Result "1-0"]
[WhiteElo "2545"]
[BlackElo "2400"]
[EventDate "1979.07.12"]
[PlyCount "41"]

1.d4 Nf6 2.Nf3 e6 3.c4 b6 4.g3 Ba6 5.Qc2 c5 6.Bg2 Bb7 7.O-O cxd4 8.Nxd4 
Bxg2 9.Kxg2 Qc8 10.e4 Nc6 11.Nf3 Qb7 12.Qe2 d6 13.Rd1 Be7 14.Bf4 Rd8 15.
Nc3 O-O 16.Rd2 a6 17.Rad1 Qb8 18.h3 Ne5 19.c5 Nxf3 20.cxd6 Bxd6 21.Bxd6 
1-0

[Event "2nd Konex it"]
[Site "Buenos Aires ARG"]
[Date "1979.07.14"]
[Round "3"]
[White "Diez del Corral Rivas, Jesus"]
[Black "Rubinetti, Jorge Alberto"]
[Result "0-1"]
[WhiteElo "2485"]
[BlackElo "2430"]
[EventDate "1979.07.12"]
[PlyCount "150"]

1.e4 e5 2.Nf3 Nc6 3.Bb5 a6 4.Ba4 Nf6 5.d3 d6 6.c3 Be7 7.Nbd2 O-O 8.O-O Nd7
9.Bc2 Bf6 10.b4 a5 11.b5 Ne7 12.Nc4 Ng6 13.d4 Re8 14.Be3 b6 15.Qd2 Bb7 16.
d5 h6 17.Rab1 Be7 18.h3 Bc8 19.Kh2 Nf6 20.g3 Rf8 21.Ng1 h5 22.f4 h4 23.f5 
hxg3+ 24.Kxg3 Nf4 25.Kh2 N6h5 26.Bd1 Bh4 27.Bxh5 Nxh5 28.Ne2 Kh7 29.Rg1 
Rh8 30.Bg5 Bxg5 31.Rxg5 Kg8 32.Rbg1 Kf8 33.Qe3 Qf6 34.Qf3 Qh6 35.Ne3 Bd7 
36.a4 Ke7 37.R5g2 Rh7 38.Rd1 Nf6 39.Ng4 Nxg4+ 40.Rxg4 Rah8 41.Ng1 g6 42.
f6+ Kd8 43.Rg3 Qf4 44.Kg2 Rh4 45.Qxf4 Rxf4 46.Re1 Rxf6 47.Ree3 Rf4 48.Nf3 
Ke7 49.c4 Rh6 50.c5 bxc5 51.Nd2 Rhh4 52.Re2 Rh8 53.Nc4 Ra8 54.Rge3 Rh4 55.
Rb2 Rhh8 56.Rg3 Rh4 57.Re3 Rhh8 58.Rg3 Ra7 59.Re2 Rh4 60.Ree3 Ra8 61.Re2 
Rah8 62.Nxa5 Bxh3+ 63.Kg1 Bg4 64.Nc6+ Kd7 65.Reg2 Rh1+ 66.Kf2 Bh3 67.Rg1 
Rh2+ 68.Ke3 Ra2 69.a5 Ra3+ 70.Kf2 Ra2+ 71.Ke3 Rh4 72.Rf3 f5 73.Rxg6 f4+ 
74.Kd3 Bf1+ 75.Kc3 Rhh2 0-1

[Event "2nd Konex it"]
[Site "Buenos Aires ARG"]
[Date "1979.07.14"]
[Round "3"]
[White "Ljubojevic, Ljubomir"]
[Black "Schweber, Samuel"]
[Result "1-0"]
[WhiteElo "2590"]
[BlackElo "2450"]
[EventDate "1979.07.12"]
[PlyCount "113"]

1.e4 c6 2.d3 d5 3.Nd2 g6 4.Ngf3 Bg7 5.Be2 c5 6.c3 Nc6 7.O-O d4 8.Qc2 Nf6 
9.a3 O-O 10.cxd4 cxd4 11.b4 Ne8 12.b5 Na5 13.a4 Bg4 14.Ba3 Nc7 15.Rfe1 Rc8
16.Qc5 Bxf3 17.Bxf3 Bh6 18.Nc4 Nb3 19.Qxe7 Nxa1 20.Rxa1 Re8 21.Qxd8 Rexd8 
22.Na5 Rd7 23.e5 Ne6 24.Bxb7 Rc3 25.Bc6 Rc7 26.Bd6 Rc8 27.Rd1 Nf4 28.g3 
Rxd3 29.Rxd3 Nxd3 30.Nc4 Bf8 31.a5 Nb4 32.Bxb4 Bxb4 33.a6 Bc5 34.Nb2 Kf8 
35.Kf1 Bb6 36.Ke2 Ke7 37.Kd3 f6 38.Na4 Rb8 39.Nxb6 Rxb6 40.Kxd4 g5 41.f4 
gxf4 42.gxf4 Ke6 43.Ke4 fxe5 44.fxe5 Kf7 45.Kf5 Ke7 46.h4 Kf7 47.e6+ Ke7 
48.Ke5 h5 49.Kf5 Rb8 50.Bb7 Kd6 51.b6 Rf8+ 52.Kg6 axb6 53.a7 Kxe6 54.a8=Q 
Rxa8 55.Bxa8 Ke7 56.Kg7 Ke6 57.Bf3 1-0

[Event "2nd Konex it"]
[Site "Buenos Aires ARG"]
[Date "1979.07.14"]
[Round "3"]
[White "Najdorf, Miguel"]
[Black "Emma, Jaime"]
[Result "1/2-1/2"]
[WhiteElo "2515"]
[BlackElo "2435"]
[EventDate "1979.07.12"]
[PlyCount "83"]

1.Nf3 c5 2.c4 g6 3.g3 b6 4.Bg2 Bb7 5.d4 cxd4 6.Qxd4 Nf6 7.O-O Nc6 8.Qf4 
Bg7 9.Nc3 O-O 10.Qh4 Na5 11.Bh6 Rc8 12.b3 Rc5 13.Bxg7 Kxg7 14.e4 Nc6 15.
Rad1 d6 16.Nd5 Ng8 17.Qf4 b5 18.cxb5 Rxb5 19.Qe3 a5 20.Rc1 e6 21.Nc3 Rb4 
22.Rfd1 Qb8 23.Ne1 Ba8 24.Nc2 Rb7 25.Nd4 Nce7 26.a4 Nf6 27.Qg5 h6 28.Qd2 
Rd7 29.Ndb5 Rfd8 30.Qb2 e5 31.Nd5 Nfxd5 32.exd5 Qb6 33.b4 Bb7 34.bxa5 Qxa5
35.Nxd6 Rxd6 36.Qxb7 Nxd5 37.Qb5 Qxb5 38.axb5 Nb6 39.Rxd6 Rxd6 40.Kf1 Kf6 
41.Rc7 Nd5 42.Ra7 1/2-1/2

[Event "2nd Konex it"]
[Site "Buenos Aires ARG"]
[Date "1979.07.16"]
[Round "4"]
[White "Bernat, Miguel"]
[Black "Quinteros, Miguel Angel"]
[Result "0-1"]
[WhiteElo "2410"]
[BlackElo "2545"]
[EventDate "1979.07.12"]
[PlyCount "114"]

1.d4 g6 2.c4 Bg7 3.Nc3 c5 4.d5 Nf6 5.Nf3 O-O 6.e4 e5 7.Be2 d6 8.Bg5 h6 9.
Bd2 Nh5 10.Qc1 Kh7 11.h4 Nd7 12.g3 Ndf6 13.Nh2 Qe7 14.Qc2 Bd7 15.O-O-O a6 
16.a4 Rfb8 17.Be3 Ne8 18.Rhg1 Nc7 19.a5 b5 20.axb6 Rxb6 21.Kd2 Rab8 22.Rb1
Ne8 23.Bd3 Kh8 24.b3 Nef6 25.Qd1 Ng8 26.Bc2 Rf8 27.g4 Nf4 28.g5 h5 29.Ne2 
f5 30.f3 fxe4 31.fxe4 a5 32.Rf1 Ng2 33.Bf2 Nf4 34.Bg3 Nxe2 35.Qxe2 Ra8 36.
Kd3 Be8 37.Ra1 Qb7 38.Ra3 a4 39.Rb1 Rb8 40.Be1 Qc8 41.Qg2 Ne7 42.Nf3 Bd7 
43.Nd2 axb3 44.Raxb3 Rxb3+ 45.Rxb3 Ra8 46.Bf2 Bg4 47.Nb1 Bh3 48.Qg1 Qf8 
49.Nd2 Nf5 50.Qh1 Bg4 51.Bd1 Ra1 52.Rb1 Rxb1 53.Nxb1 Nd4 54.Bxd4 exd4 55.
Bxg4 hxg4 56.h5 Qf2 57.hxg6+ Kg8 0-1

[Event "2nd Konex it"]
[Site "Buenos Aires ARG"]
[Date "1979.07.16"]
[Round "4"]
[White "Schweber, Samuel"]
[Black "Diez del Corral Rivas, Jesus"]
[Result "1/2-1/2"]
[WhiteElo "2450"]
[BlackElo "2485"]
[EventDate "1979.07.12"]
[PlyCount "115"]

1.c4 c5 2.Nf3 g6 3.e3 Bg7 4.Be2 Nf6 5.Qc2 Nc6 6.a3 O-O 7.d3 b6 8.O-O Bb7 
9.b3 e6 10.Bb2 Rc8 11.Nbd2 Qe7 12.Bc3 Rfd8 13.Qb2 d5 14.b4 d4 15.exd4 cxd4
16.Nxd4 Nxd4 17.Bxd4 Rxd4 18.Qxd4 Nd5 19.Qg4 h5 20.Qg3 h4 21.Qf3 Nc3 22.
Ne4 f5 23.Rae1 fxe4 24.Qg4 Kh7 25.Bd1 Nxd1 26.Rxd1 Qf6 27.dxe4 Rxc4 28.
Rfe1 e5 29.h3 Rc2 30.Qf3 Qxf3 31.gxf3 Bc8 32.Rc1 Rxc1 33.Rxc1 Bxh3 34.Rc7 
a6 35.Rc6 Bd7 36.Rxb6 Bb5 37.Kg2 Bf8 38.a4 Be2 39.b5 axb5 40.axb5 Kh6 41.
Rf6 Bc5 42.b6 Bxb6 43.Rxb6 Kg5 44.Re6 Kf4 45.Rf6+ Kg5 46.Rf8 Bc4 47.Rc8 
Be2 48.Rh8 Bc4 49.Rc8 Be2 50.Rh8 Bc4 51.Rc8 Be2 52.Rc2 Bd3 53.Rd2 Bc4 54.
Rc2 Bd3 55.Rc7 Be2 56.Rf7 Bc4 57.Re7 Kf4 58.Kh3 1/2-1/2

[Event "2nd Konex it"]
[Site "Buenos Aires ARG"]
[Date "1979.07.16"]
[Round "4"]
[White "Trois, Francisco"]
[Black "Ljubojevic, Ljubomir"]
[Result "0-1"]
[WhiteElo "2415"]
[BlackElo "2590"]
[EventDate "1979.07.12"]
[PlyCount "70"]

1.c4 e5 2.Nc3 Nc6 3.g3 d6 4.Bg2 Be6 5.d3 Qd7 6.b4 Nge7 7.b5 Nd8 8.a4 c6 9.
Ba3 d5 10.bxc6 bxc6 11.cxd5 cxd5 12.Nf3 f6 13.O-O Rc8 14.Qd2 Nec6 15.Bxf8 
Rxf8 16.a5 Nb7 17.a6 Nc5 18.Rfb1 d4 19.Na4 Nxa4 20.Rxa4 Kf7 21.Rb7 Rc7 22.
Qb2 Rb8 23.Rxb8 Nxb8 24.Ra1 Qc8 25.Qa3 Rc3 26.Qa5 Rc5 27.Qa3 Rc3 28.Qa5 
Rc1+ 29.Ne1 Rxa1 30.Qxa1 Qxa6 31.Qc1 Qb6 32.Nc2 Nd7 33.Na3 Qc5 34.Qb2 a5 
35.h4 Qb4 0-1

[Event "2nd Konex it"]
[Site "Buenos Aires ARG"]
[Date "1979.07.17"]
[Round "5"]
[White "Ljubojevic, Ljubomir"]
[Black "Emma, Jaime"]
[Result "1-0"]
[WhiteElo "2590"]
[BlackElo "2435"]
[EventDate "1979.07.12"]
[PlyCount "81"]

1.e4 e6 2.d4 c5 3.Nf3 cxd4 4.Nxd4 Nc6 5.Nb5 d6 6.c4 Nf6 7.N5c3 Be7 8.Be2 
O-O 9.O-O b6 10.Bf4 Bb7 11.Nd2 Nd7 12.Re1 Nce5 13.Nf1 Rc8 14.Ne3 a6 15.Bg3
g5 16.Qc2 Kh8 17.Rad1 Rg8 18.h3 Qf8 19.Rd4 Bc6 20.Red1 f6 21.b4 Nb8 22.Bg4
Bd7 23.Qb2 Nbc6 24.R4d2 Nd8 25.Bxe5 fxe5 26.b5 axb5 27.cxb5 Rc5 28.Be2 g4 
29.hxg4 h5 30.Na4 Nb7 31.Nxb6 Be8 32.Qb3 Qh6 33.gxh5 Bh4 34.Ng4 Rxg4 35.
Bxg4 Rxb5 36.Qa4 Qf8 37.Nc4 Nc5 38.Qc2 Qf4 39.Nxd6 Qxg4 40.Nxb5 Nxe4 41.f3
1-0

[Event "2nd Konex it"]
[Site "Buenos Aires ARG"]
[Date "1979.07.17"]
[Round "5"]
[White "Quinteros, Miguel Angel"]
[Black "Kortschnoj, Viktor"]
[Result "1/2-1/2"]
[WhiteElo "2545"]
[BlackElo "2695"]
[EventDate "1979.07.12"]
[PlyCount "107"]

1.Nf3 Nf6 2.g3 d5 3.Bg2 c5 4.c4 d4 5.O-O Nc6 6.d3 e5 7.e3 Be7 8.exd4 exd4 
9.Re1 O-O 10.Ne5 Nxe5 11.Rxe5 Bd6 12.Re1 Bg4 13.Qb3 Re8 14.Bd2 Rxe1+ 15.
Bxe1 Qe7 16.Nd2 Bf5 17.Nf3 Rb8 18.Nh4 Bg4 19.Bd2 h6 20.Re1 Qd7 21.f4 b5 
22.cxb5 Qxb5 23.Qxb5 Rxb5 24.b3 Rb6 25.Rc1 a5 26.Rc2 Bd1 27.Rc1 Be2 28.Bf1
Bxf1 29.Kxf1 a4 30.Rb1 Nd5 31.Ke2 g5 32.Nf5 Bb8 33.Rc1 axb3 34.axb3 gxf4 
35.Rxc5 fxg3 36.hxg3 Ne3 37.Nxd4 Ng4 38.b4 Bxg3 39.Kf3 Bf2 40.Rd5 Bxd4 41.
Rxd4 h5 42.Bf4 Kg7 43.Bd6 Kg6 44.Bc5 Rf6+ 45.Kg3 Rf1 46.b5 Rf5 47.Rc4 Ne5 
48.Rd4 h4+ 49.Rxh4 Rg5+ 50.Kh3 Nxd3 51.Be3 Rxb5 52.Rh6+ Kg7 53.Rd6 Rb3 54.
Bd4+ 1/2-1/2

[Event "2nd Konex it"]
[Site "Buenos Aires ARG"]
[Date "1979.07.17"]
[Round "5"]
[White "Rubinetti, Jorge Alberto"]
[Black "Schweber, Samuel"]
[Result "1/2-1/2"]
[WhiteElo "2430"]
[BlackElo "2450"]
[EventDate "1979.07.12"]
[PlyCount "95"]

1.c4 e5 2.Nc3 Nf6 3.Nf3 Nc6 4.e3 g6 5.d4 d6 6.Be2 Bg4 7.O-O Bg7 8.d5 Ne7 
9.e4 O-O 10.Ne1 Bxe2 11.Qxe2 c5 12.Nd3 Nd7 13.a3 f5 14.f3 f4 15.b4 Qc7 16.
Nb5 Qb6 17.Qf2 a6 18.Nc3 cxb4 19.axb4 Qxf2+ 20.Rxf2 Rfc8 21.Nb2 b5 22.Rc2 
bxc4 23.Nca4 Rc7 24.Bd2 Rac8 25.Rac1 c3 26.Rxc3 Rxc3 27.Rxc3 Rxc3 28.Bxc3 
Nc8 29.Nc4 Bf6 30.Be1 Bd8 31.Bf2 g5 32.Kf1 h5 33.Ke2 Kf7 34.Kd3 Ke8 35.Kc3
Bc7 36.Kb3 Kd8 37.Nc3 Bb6 38.Bxb6+ Ndxb6 39.b5 axb5 40.Nxb5 Nd7 41.Kb4 Nf6
42.Ka5 Kd7 43.Ka6 Ne7 44.Nc3 Nh7 45.Na4 g4 46.Ncb6+ Kc7 47.Nc4 Ng6 48.Nd2 
1/2-1/2

[Event "2nd Konex it"]
[Site "Buenos Aires ARG"]
[Date "1979.07.17"]
[Round "5"]
[White "Najdorf, Miguel"]
[Black "Szmetan, Jorge"]
[Result "1/2-1/2"]
[WhiteElo "2515"]
[BlackElo "2400"]
[EventDate "1979.07.12"]
[PlyCount "82"]

1.Nf3 Nf6 2.g3 g6 3.b3 Bg7 4.Bb2 d6 5.d4 Nbd7 6.Bg2 O-O 7.O-O e5 8.dxe5 
Ng4 9.Nc3 dxe5 10.e4 Re8 11.Qe2 c6 12.Nd2 Nc5 13.Nc4 Bf8 14.b4 b5 15.Na5 
Qc7 16.a3 Nb7 17.Nxb7 Qxb7 18.Nd1 a5 19.c3 c5 20.h3 Nf6 21.Ne3 Be6 22.bxa5
Rxa5 23.c4 Bxc4 24.Nxc4 bxc4 25.Rfb1 Ra4 26.Bc3 Qa8 27.Qb2 Bd6 28.f4 Nh5 
29.fxe5 Bf8 30.Qf2 Ng7 31.e6 Nxe6 32.e5 Qc8 33.Rb7 Re7 34.Rxe7 Bxe7 35.Rf1
Qf8 36.Qb2 Bg5 37.Bd5 Qe7 38.Rf3 Qd7 39.Qb8+ Kg7 40.Qd6 Ra7 41.Bxc4 Qb7 
1/2-1/2

[Event "2nd Konex it"]
[Site "Buenos Aires ARG"]
[Date "1979.07.18"]
[Round "6"]
[White "Quinteros, Miguel Angel"]
[Black "Liberzon, Vladimir"]
[Result "1/2-1/2"]
[WhiteElo "2545"]
[BlackElo "2515"]
[EventDate "1979.07.12"]
[PlyCount "67"]

1.c4 e5 2.Nc3 Nc6 3.g3 d6 4.Bg2 Be6 5.d3 Qd7 6.Rb1 g6 7.b4 Bg7 8.b5 Nd8 9.
Qa4 Ne7 10.Nf3 h6 11.O-O O-O 12.Ne1 f5 13.Nd5 a6 14.Qa5 Bxd5 15.cxd5 b6 
16.Qa3 Nb7 17.bxa6 Nc5 18.Qb4 Rxa6 19.a3 Ra4 20.Qd2 Kh7 21.Nc2 Ng8 22.Nb4 
h5 23.Qc2 h4 24.e3 Raa8 25.Nc6 Rae8 26.d4 exd4 27.Nxd4 hxg3 28.hxg3 Nf6 
29.Bf3 Nfe4 30.Kg2 Rh8 31.Rh1+ Kg8 32.Rxh8+ Bxh8 33.Bb2 Re7 34.Rh1 1/2-1/2

[Event "2nd Konex it"]
[Site "Buenos Aires ARG"]
[Date "1979.07.18"]
[Round "6"]
[White "Emma, Jaime"]
[Black "Diez del Corral Rivas, Jesus"]
[Result "1/2-1/2"]
[WhiteElo "2435"]
[BlackElo "2485"]
[EventDate "1979.07.12"]
[PlyCount "100"]

1.g3 c5 2.Bg2 Nc6 3.e4 e5 4.d3 d6 5.f4 g6 6.Nf3 Bg7 7.O-O exf4 8.gxf4 f5 
9.c3 Nge7 10.Na3 h6 11.e5 Be6 12.d4 dxe5 13.dxe5 Qa5 14.Qe2 O-O 15.h4 Rad8
16.Nd2 Rd7 17.Nb3 Qb6 18.Be3 Bxb3 19.axb3 Qxb3 20.Bxc5 Rfd8 21.Qc4+ Qxc4 
22.Nxc4 Bf8 23.Nd6 b6 24.Be3 Bg7 25.Rfd1 g5 26.h5 Kf8 27.Rf1 gxf4 28.Bxf4 
Nxe5 29.Nxf5 Nxf5 30.Bxe5 Rf7 31.Bxg7+ Kxg7 32.Be4 Ne7 33.Rxa7 Rd2 34.b4 
Re2 35.Rxf7+ Kxf7 36.Bg6+ Kf6 37.Rb7 Re6 38.Bd3 Kg5 39.Bc4 Rc6 40.Be2 Nf5 
41.Kf2 Kf4 42.c4 Nd6 43.Rd7 Ne4+ 44.Kg2 Rd6 45.Rxd6 Nxd6 46.c5 bxc5 47.
bxc5 Ne8 48.Bf3 Ke5 49.Kf2 Nf6 50.Ke3 Nxh5 1/2-1/2

[Event "2nd Konex it"]
[Site "Buenos Aires ARG"]
[Date "1979.07.18"]
[Round "6"]
[White "Szmetan, Jorge"]
[Black "Miles, Anthony John"]
[Result "0-1"]
[WhiteElo "2400"]
[BlackElo "2560"]
[EventDate "1979.07.12"]
[PlyCount "70"]

1.e4 c5 2.Nf3 e6 3.d4 cxd4 4.Nxd4 a6 5.Bd3 Nc6 6.Nxc6 dxc6 7.Nd2 e5 8.Nc4 
Ne7 9.O-O Ng6 10.Qh5 Bc5 11.Nxe5 Qa5 12.Bd2 Bxf2+ 13.Rxf2 Qxe5 14.Qf3 O-O 
15.Bc3 Qg5 16.Raf1 Be6 17.Qe2 Qc5 18.Qd2 Rfd8 19.Kh1 Rd7 20.Rf3 Qe7 21.Rg3
c5 22.Qe3 b5 23.b3 c4 24.bxc4 Rc8 25.Bd4 Bxc4 26.c3 Bxa2 27.Ra1 Qe6 28.Be2
f5 29.exf5 Qxe3 30.Bxe3 Nh4 31.Rxa2 Nxf5 32.Bg4 Re8 33.Bxf5 Rd1+ 34.Bg1 
Ree1 35.h3 Rxg1+ 0-1

[Event "2nd Konex it"]
[Site "Buenos Aires ARG"]
[Date "1979.07.20"]
[Round "7"]
[White "Schweber, Samuel"]
[Black "Trois, Francisco"]
[Result "0-1"]
[WhiteElo "2450"]
[BlackElo "2415"]
[EventDate "1979.07.12"]
[PlyCount "72"]

1.c4 Nf6 2.Nc3 e6 3.g3 d5 4.Bg2 Be7 5.Nf3 O-O 6.d4 b6 7.Ne5 Bb7 8.Qa4 Qe8 
9.Qc2 Na6 10.O-O Nb4 11.Qb1 c5 12.a3 cxd4 13.axb4 dxc3 14.bxc3 Qb8 15.cxd5
Qxe5 16.d6 Bxg2 17.dxe7 Rfe8 18.Kxg2 Qxe2 19.Be3 Nd5 20.Bd4 Qc4 21.Ra3 
Rxe7 22.Re1 f6 23.Re4 e5 24.Bc5 Nxc3 25.Rxc3 Qxc3 26.Qa2+ Rf7 27.Qd5 Re8 
28.Bd6 Qc8 29.Rc4 Qb7 30.Rc6 b5 31.Kg1 h6 32.h4 h5 33.Kh2 Qd7 34.Qxb5 Re6 
35.Qb8+ Re8 36.Qb5 Qf5 0-1

[Event "2nd Konex it"]
[Site "Buenos Aires ARG"]
[Date "1979.07.20"]
[Round "7"]
[White "Rubinetti, Jorge Alberto"]
[Black "Emma, Jaime"]
[Result "1/2-1/2"]
[WhiteElo "2430"]
[BlackElo "2435"]
[EventDate "1979.07.12"]
[PlyCount "126"]

1.Nf3 c5 2.c4 g6 3.g3 b6 4.Bg2 Bb7 5.O-O Bg7 6.Nc3 Nf6 7.d4 cxd4 8.Nxd4 
Bxg2 9.Kxg2 Qc8 10.b3 d5 11.Nxd5 Nxd5 12.cxd5 Qc5 13.Be3 Qxd5+ 14.f3 O-O 
15.Rc1 h5 16.a4 a6 17.Qd3 e5 18.Nc6 Qxd3 19.Ne7+ Kh7 20.exd3 Ra7 21.Nc8 
Rd7 22.Rfd1 Rfd8 23.Bxb6 Bh6 24.Bxd8 Bxc1 25.Rxc1 Rxd8 26.Rc3 a5 27.Kf2 
Na6 28.Ke2 Kg7 29.Na7 Nb4 30.Nb5 f5 31.Na3 Rd7 32.Nc4 Rd5 33.Ne3 Rd7 34.
Nc2 Na2 35.Rc5 Nc1+ 36.Kf1 Nxb3 37.Rxe5 Rxd3 38.Re3 Rd1+ 39.Ne1 Nc5 40.Ra3
Rd2 41.Rc3 Nxa4 42.Ra3 Rd4 43.Nc2 Rc4 44.Ne3 Rb4 45.Nc2 Rb1+ 46.Ke2 Nb2 
47.Rxa5 Rh1 48.Ra7+ Kh6 49.Ne1 Rxh2+ 50.Kf1 Rh1+ 51.Kf2 f4 52.gxf4 h4 53.
Re7 Rh2+ 54.Kg1 Rd2 55.Ng2 h3 56.Ne3 g5 57.f5 g4 58.Nxg4+ Kg5 59.f6 Nd3 
60.f7 Rd1+ 61.Kh2 Rd2+ 62.Kg1 Rd1+ 63.Kh2 Rd2+ 1/2-1/2

[Event "2nd Konex it"]
[Site "Buenos Aires ARG"]
[Date "1979.07.20"]
[Round "7"]
[White "Najdorf, Miguel"]
[Black "Quinteros, Miguel Angel"]
[Result "1/2-1/2"]
[WhiteElo "2515"]
[BlackElo "2545"]
[EventDate "1979.07.12"]
[PlyCount "38"]

1.Nf3 c5 2.c4 g6 3.g3 Bg7 4.Bg2 Nc6 5.O-O e6 6.Nc3 Nge7 7.b3 d5 8.cxd5 
exd5 9.Bb2 d4 10.Na4 b6 11.e3 O-O 12.exd4 cxd4 13.Re1 Be6 14.Ba3 h6 15.Nb2
Re8 16.Nc4 Nd5 17.Nce5 Nxe5 18.Nxe5 Rc8 19.Rc1 Ne7 1/2-1/2

[Event "2nd Konex it"]
[Site "Buenos Aires ARG"]
[Date "1979.07.20"]
[Round "7"]
[White "Ljubojevic, Ljubomir"]
[Black "Szmetan, Jorge"]
[Result "1-0"]
[WhiteElo "2590"]
[BlackElo "2400"]
[EventDate "1979.07.12"]
[PlyCount "65"]

1.d4 Nf6 2.c4 c5 3.Nf3 cxd4 4.Nxd4 e6 5.Nc3 Bb4 6.g3 Ne4 7.Qd3 Qa5 8.Nb3 
Nxc3 9.Bd2 Ne4 10.Qxe4 Bxd2+ 11.Nxd2 O-O 12.Bg2 Nc6 13.Qe3 d5 14.O-O d4 
15.Qd3 e5 16.a3 f5 17.Nb3 Qc7 18.Bd5+ Kh8 19.f4 Rd8 20.fxe5 Qxe5 21.Rad1 
Be6 22.Bxe6 Qxe6 23.Rxf5 Rf8 24.Rh5 h6 25.Nxd4 Nxd4 26.Qxd4 Qxe2 27.Rxh6+ 
Kg8 28.Qd5+ Rf7 29.Rh4 Re8 30.Rf4 Re6 31.Rxf7 Kxf7 32.Qxb7+ Kg8 33.Qd5 1-0

[Event "2nd Konex it"]
[Site "Buenos Aires ARG"]
[Date "1979.07.20"]
[Round "7"]
[White "Liberzon, Vladimir"]
[Black "Kortschnoj, Viktor"]
[Result "1/2-1/2"]
[WhiteElo "2515"]
[BlackElo "2695"]
[EventDate "1979.07.12"]
[PlyCount "66"]

1.e4 e5 2.Nf3 Nc6 3.Bb5 a6 4.Ba4 Nf6 5.O-O Nxe4 6.d4 b5 7.Bb3 d5 8.dxe5 
Be6 9.c3 Be7 10.Nbd2 Nc5 11.Bc2 Bg4 12.Re1 d4 13.Nb3 dxc3 14.Nxc5 Bxc5 15.
Be4 Qxd1 16.Rxd1 Bd7 17.bxc3 O-O-O 18.Bg5 Ne7 19.Nd4 h6 20.Be3 Bg4 21.f3 
Be6 22.Bf2 Bd5 23.Bd3 Nc6 24.a4 Nxe5 25.Bf5+ Kb7 26.axb5 axb5 27.Nxb5 
Bxf2+ 28.Kxf2 c6 29.Nd4 g6 30.Bc2 Ra8 31.Rab1+ Kc7 32.Nb5+ Kb6 33.Nd4+ Kc7
1/2-1/2